Stratégia normalizačnej činnosti

Bibliographic Details
Main Author: Strapina, Milan (Author)
Format: Article
Language:Slovak
Subjects:

MARC

LEADER 00000nab a2200000 a 4500
001 vtls000447165
003 SK-MaSNL
005 20260305010212.0
008 140328c1992 xo 0 slo
015 |a SNBRB19rr/mm-uuuuu 
035 |a CL0447296 
040 |a SNKBUCL  |b slo  |c SNKBUCL  |e AACR2 
041 0 |a slo 
044 |a xo  |c SK 
080 |a 006.02(437:4)  |2 1981 
080 |a 339.923(4-15)  |2 1981 
080 |a 006  |2 1981 
100 1 |a Strapina, Milan  |4 aut  |9 9413 
245 1 0 |a Stratégia normalizačnej činnosti  |c Milan Strapina 
610 2 7 |a Európske spoločenstvo  |2 snkbucl  |9 31025 
650 0 7 |a štandardizácia a normalizácia  |2 snkbucl  |9 75629 
650 0 7 |a normy technické  |2 snkbucl  |9 919669 
655 7 |a články z novín a časopisov  |2 snkbucl  |9 267496 
773 0 |t Drevo  |g Roč. 47, č. 1 (1992), s. 16-17 
850 |a Slovenská národná knižnica v Martine  |a MTA001 
852 |a SNK  |b KIS3GCP 
958 |a RK 
992 |a RBX 
999 |c 3245331  |d 3247261